| 000 | 00696nam a2200217 i 4500 | ||
|---|---|---|---|
| 001 | 86425 | ||
| 003 | ES-MaACL | ||
| 005 | 20250804062538.0 | ||
| 007 | t| | ||
| 008 | 041210s1971 sp ||||1| spa d | ||
| 100 | 1 |
_aKaser, Michael. _967597 |
|
| 245 | 1 | 3 |
_aLa nueva planificación económica en Europa Oriental / _cMichael Kaser y Janusz G. Zielinski ; [traductor, M. Paredes]. |
| 260 |
_aMadrid : _bAlianza, _c[1971] |
||
| 300 |
_a224 p. ; _c18 cm. |
||
| 490 | 1 |
_aEl libro de bolsillo ; _v349 |
|
| 700 | 1 |
_aParedes, M. _989040 |
|
| 700 | 1 |
_aZielinski, Janusz G. _9118243 |
|
| 830 | 0 | 3 |
_aEl libro de bolsillo _v349 _9177802 |
| 852 |
_aES-MaACL _jC-45383 _bR.79756 |
||
| 999 |
_c86425 _d86425 |
||